| 000 | 01678nam a22002537a 4500 | ||
|---|---|---|---|
| 999 |
_c42706 _d42706 |
||
| 001 | 13762 | ||
| 003 | CO-MdFUSB | ||
| 005 | 20180622073149.0 | ||
| 008 | 180503t2006 sp ||||| |||| 00| 0 spa d | ||
| 020 | _a84-293-1628-0 | ||
| 040 |
_aCO-MdFUSB _bspa _cCO-MdFUSB _dCO-MdFUSBC _erda |
||
| 041 | 0 |
_aspa _hger |
|
| 082 | 0 | 4 | _aG 229.8 K636e |
| 100 | 1 |
_aKlauck, Hans Josef (1946-) _eautor |
|
| 245 | 1 | 4 |
_aLos evangelios apócrifos _b : Una introducción _c / Hans-Joseph Klauck ; María del Carmen Blanco Moreno, Traductor |
| 264 | 4 |
_aSantander : _b Sal Terrae, _c©2006 |
|
| 300 | _a342 Pág. | ||
| 336 |
_2rdacontent _atexto _btxt |
||
| 337 |
_2rdamedia _asin mediación _bn |
||
| 338 |
_2rdacarrier _avolumen _bnc |
||
| 500 | _aTítulo original : Apokryphe Evangelien. | ||
| 505 | 0 | 0 | _a- Agrapha (dichos dispersos de Jesús) - Papiro Egerton 2 - Papiro Oxirrinco 840 - El Papiro copto de Estrasburgo - El Evangelio desconocido de Berlin - El Evangelio secreto de Marcos - El Evangelio de los hebreos - El evangelio de los nazarenos - El Evangelio de los ebionitas - El texto griego de Clemente de Alejandría - El texto copto de Nag Hammadi - El Protoevangelio de Santiago - El Evangelio de la infancia según Tomás - El Evangelio del Pseudo-Mateo - El Evangelio de Pedro - El Evangelio de Nicodemo (Actas de Pilato) - El Evangelio de Bartolomé - El Evangelio de Tomás - El Evangelio de Felipe - El Evangelio de la Verdad - La Sabiduría de Jesucristo - Epistula Apostolorum - El Evangelio de María - El Apócrifo de Juan - El Libro de Tomás - El Diálogo del Salvador - Leyendas sobre la muerte de María - Evangelios perdidos - Un anti-evangelio: Toledot Yeshu |
| 942 | _cBK | ||